| 000 | 00603nam a22001937a 4500 | ||
|---|---|---|---|
| 999 |
_c10072 _d10072 |
||
| 003 | AR-CdUCM | ||
| 008 | 190329b ||||| |||| 00| 0 spa d | ||
| 020 | _a978-612-45969-6-4 | ||
| 040 |
_aMUNICIPALIDAD PROVINCIAL DEL CUSCO _cBIBLIOTECA MUNICIPAL DEL CUSCO |
||
| 082 |
_aSI-0137 / _bPAZ / per |
||
| 100 |
_aPaz, Claudia. _924600 |
||
| 245 |
_aLos peruguntones : _bselva amazónica / |
||
| 260 |
_aLima : _bPlaneta, _c2017. |
||
| 300 |
_a32 páginas ; _bIlustraciones. _c28 cm. |
||
| 650 |
_aLiteratura infantil _9588 |
||
| 650 |
_aSiglo XXI _92856 |
||
| 942 |
_2ddc _cLIBROS |
||
| 945 |
_apjha _d2019-05-14 |
||